Derecho, persona y ciudadana̕ Una experiencia jurd̕ica comparada /

Detalles Bibliográficos
Autor principal: Periǹ̨ Gm̤ez, Bernardo
Formato: eBook
Lenguaje:español
Publicado: Madrid: Marcial Pons, 2010
Materias:
Acceso en línea:Acceso restringido

MARC

LEADER 00000nam a22000007a 4500
005 20170117234338.0
007 cr|||| ||||
008 170117s2010 es |||||s|||| 00||0 spa d
020 |a 978-84-9123-031-1 
035 |a 14705 
040 |a vLex 
090 |c 6521  |d 6521 
100 1 |a Periǹ̨ Gm̤ez, Bernardo 
245 1 0 |a Derecho, persona y ciudadana̕  |h [Recurso electrn̤ico] :  |b Una experiencia jurd̕ica comparada /  |c Bernardo Periǹ̨ Gm̤ez 
256 |a Servicio en ln̕ea 
260 |a Madrid:  |b Marcial Pons,  |c 2010 
300 |a 1 recurso electrn̤ico 
500 |a La ciudadana̕ es un concepto jurd̕ico abierto, es decir, en formacin̤. Podra̕ decirse que ese dinamismo respecto a su contenido le es natural desde su origen en la Antigüedad cls̀ica. En Roma se configura la ciudadana̕ como la cualidad de quien vive -y por tanto participa- de las decisiones de un ente distinto del individuo creado para el gobierno de los asuntos comunes a todos. Sl̤o se es ciudadano respecto a una organizacin̤ polt̕ica, como la civitas romana, el Estado moderno o instituciones supranacionales emergentes como la Unin̤ Europea. Por otra parte, el Derecho de personas no puede separarse de la ordenacin̤ colectiva de la convivencia, por lo que no cabe aislar la condicin̤ de ciudadano de la articulacin̤ de sus relaciones interpersonales. Puede resumirse as ̕la idea que preside esta publicacin̤ en la que la visin̤ comparada es la nota dominante. En los tiempos que corren la perspectiva comparatista es inevitable, sin embargo ese comparativismo sl̤o tiene en cuenta, en la mayora̕ de las ocasiones, Ordenamientos jurd̕icos vigentes en distintos lugares pero en el mismo tiempo histr̤ico. Es necesario, como se hace en este libro, ocuparse tambiň de la comparacin̤ que valora la existencia sucesiva de normas y sistemas jurd̕icos distintos sobre el mismo espacio geogrf̀ico. El Derecho de las personas se encuentra en un momento de cambio del que no ha de quedar ausente la reflexin̤ cientf̕ica, lo que incluye la definicin̤ de una nueva ciudadana̕ que pretende sustituir progresivamente los viejos modelos basados en la nacionalidad, mostrando as ̕un horizonte ms̀ amplio a los ciudadanos europeos. 
506 1 |a Disponible solo en los productos indicados  |d vLex Global  |d vLex Global (Academic Edition, excluding Law Schools)  |d vLex Global (U.S. Academic Edition, Law Schools)  |d vLex Global (U.S. Academic Edition, excluding Law Schools)  |d vLex Global (Academic Edition, Law Schools) 
650 0 4 |a Derecho Internacional  |z Espaą 
740 0 |a vLex Libros (Servicio en ln̕ea) 
856 4 0 |u http://vlex.com/source/derecho-persona-y-ciudadania-una-experiencia-juridica-comparada-14705  |z Acceso restringido 
942 |c BOOK 
999 0 |a International Law